Asamia natya sahitya (Record no. 8417)

MARC details
000 -LEADER
fixed length control field 00531cam a2200205ua 4500
001 - CONTROL NUMBER
control field 9366
005 - DATE AND TIME OF LATEST TRANSACTION
control field 20260515114446.0
008 - FIXED-LENGTH DATA ELEMENTS--GENERAL INFORMATION
fixed length control field 150813n ii |||gr||||Z||||||asm
040 ## - CATALOGING SOURCE
Transcribing agency MAIN
041 ## - LANGUAGE CODE
Language code of text/sound track or separate title asm
082 ## - DEWEY DECIMAL CLASSIFICATION NUMBER
Classification number 891.4512
100 ## - MAIN ENTRY--PERSONAL NAME
Personal name Sarma, Satyendranath,
Relator term Author.
245 1# - TITLE STATEMENT
Title Asamia natya sahitya
Statement of responsibility, etc. by Satyendranath Sarma
250 ## - EDITION STATEMENT
Edition statement 8th ed./rep.
260 ## - PUBLICATION, DISTRIBUTION, ETC.
Place of publication, distribution, etc. Guwahati:
Name of publisher, distributor, etc. Soumar prakash,
Date of publication, distribution, etc. 2002.
300 ## - PHYSICAL DESCRIPTION
Extent 372p.
653 ## - INDEX TERM--UNCONTROLLED
Uncontrolled term East Indo-European & Celtic literatures
653 ## - INDEX TERM--UNCONTROLLED
Uncontrolled term Assamese drama
942 ## - ADDED ENTRY ELEMENTS (KOHA)
Koha item type Books
Holdings
Withdrawn status Lost status Damaged status Not for loan Home library Current library Shelving location Date acquired Total checkouts Full call number Barcode Date last seen Date last checked out Copy number Price effective from Koha item type
        Naharkatiya College Library Naharkatiya College Library General stacks 09/19/2020 4 891.4512Assamese drama | SAR 9418 09/10/2024 08/23/2024 1 09/19/2020 Books